| 000 | 00908nam a22003015i 4500 | ||
|---|---|---|---|
| 003 | EG-ScBUE | ||
| 005 | 20230110095614.0 | ||
| 008 | 180326r19871980ja a f 000 0 eng d | ||
| 020 | _a00769729383062 | ||
| 040 |
_aEG-ScBUE _beng _erda _cEG-ScBUE _dEG-ScBUE |
||
| 082 | 0 | 4 |
_222 _a751.4252 _bMIK |
| 100 | 1 |
_aMikami, Takahiko, _eauthor. |
|
| 245 | 1 | 0 |
_aLet's try sumi painting / _cTakahiko Mikami. |
| 250 | _aFourth printing. | ||
| 264 | 1 |
_aTokyo : _bShufunotomo, _c1987. |
|
| 300 |
_a139 pages : _billustrations ; _c26 cm |
||
| 336 |
_2rdacontent _atext _btxt |
||
| 337 |
_2rdamedia _aunmediated _bn |
||
| 338 |
_2rdacarrier _avolume _bnc |
||
| 650 | 7 |
_aSumie. _2BUEsh _941821 |
|
| 650 | 7 |
_aPainting, Japanese. _2BUEsh _941822 |
|
| 650 | 7 |
_aBrush drawing. _2BUEsh |
|
| 651 | _2BUEsh | ||
| 653 |
_bGGEN _cMarch2018 |
||
| 655 | _vReading book | ||
| 942 |
_2ddc _cBB |
||
| 999 |
_c26415 _d26387 |
||